000 00808nam a2200217Ia 4500
003 GCL
008 140319s9999 xx 000 0 ara d
040 _aGCL /
_cGCL
082 0 4 _aق
_b322.1
_bم ج
100 1 _aمنتصر الزيات
245 1 0 _aالجماعات الاسلامية :
_bرؤية من الداخل /
_cمنتصر الزيات
250 _aالثانية
260 _aالقاهرة :
_bدار مصر المحروسة ،
_c2005
300 _a399 ص ؛
_c16 ص
650 0 4 _aحرب اكتوبر 1973
650 0 4 _aمصر - الاحوال السياسية
650 0 4 _aمصر - تاريخ - العصر الحديث - انور السادات (1971 - 1981)
650 0 4 _aالجماعات الاسلامية
650 0 4 _aالاخوان المسلمون - مصر
942 _2ddc
_cBK
999 _c8629
_d8629